Sports Quiz

Random Sports or Football Quiz

Italy XI's of the 80's Quiz Stats

Quiz not verified by Sporcle

Challenge
Share
Tweet
Embed
Score 0/110 Timer 13:00
0 Plays Today
% Correct
Dino Zoff
98.7%
Dino Zoff
98.7%
Dino Zoff
98.7%
Paolo Rossi
97.7%
Paolo Rossi
97.7%
Paolo Rossi
97.7%
Paolo Rossi
97.7%
Franco Baresi
94.7%
Franco Baresi
94.7%
Franco Baresi
94.7%
Franco Baresi
94.7%
Walter Zenga
93.1%
Walter Zenga
93.1%
Walter Zenga
93.1%
Paolo Maldini
93%
Paolo Maldini
93%
Giuseppe Bergomi
90.5%
Giuseppe Bergomi
90.5%
Giuseppe Bergomi
90.5%
Giuseppe Bergomi
90.5%
Giuseppe Bergomi
90.5%
Giuseppe Bergomi
90.5%
Giuseppe Bergomi
90.5%
Marco Tardelli
89.4%
Marco Tardelli
89.4%
Marco Tardelli
89.4%
Marco Tardelli
89.4%
Marco Tardelli
89.4%
Marco Tardelli
89.4%
Gianluca Vialli
86.7%
Gianluca Vialli
86.7%
Gianluca Vialli
86.7%
Gianluca Vialli
86.7%
Roberto Donadoni
83.7%
Roberto Donadoni
83.7%
Roberto Donadoni
83.7%
Gaetano Scirea
82.1%
% Correct
Gaetano Scirea
82.1%
Gaetano Scirea
82.1%
Gaetano Scirea
82.1%
Gaetano Scirea
82.1%
Alessandro Altobelli
82%
Alessandro Altobelli
82%
Alessandro Altobelli
82%
Alessandro Altobelli
82%
Roberto Mancini
81.3%
Claudio Gentile
79.8%
Claudio Gentile
79.8%
Claudio Gentile
79.8%
Bruno Conti
79.5%
Bruno Conti
79.5%
Bruno Conti
79.5%
Bruno Conti
79.5%
Bruno Conti
79.5%
Bruno Conti
79.5%
Carlo Ancelotti
77.5%
Antonio Cabrini
75.8%
Antonio Cabrini
75.8%
Antonio Cabrini
75.8%
Antonio Cabrini
75.8%
Antonio Cabrini
75.8%
Antonio Cabrini
75.8%
Antonio Cabrini
75.8%
Pietro Vierchowod
67.8%
Pietro Vierchowod
67.8%
Pietro Vierchowod
67.8%
Pietro Vierchowod
67.8%
Giuseppe Giannini
66.1%
Giuseppe Giannini
66.1%
Giuseppe Giannini
66.1%
Fernando De Napoli
64.6%
Fernando De Napoli
64.6%
Fernando De Napoli
64.6%
Fernando De Napoli
64.6%
% Correct
Giovanni Galli
63.9%
Francesco Graziani
63.4%
Francesco Graziani
63.4%
Francesco Graziani
63.4%
Roberto Bettega
60.6%
Fulvio Collovati
57.4%
Fulvio Collovati
57.4%
Fulvio Collovati
57.4%
Fulvio Collovati
57.4%
Riccardo Ferri
57.2%
Riccardo Ferri
57.2%
Riccardo Ferri
57.2%
Nicola Berti
56.6%
Gabriele Oriali
54.3%
Gabriele Oriali
54.3%
Franco Causio
53.3%
Giancarlo Antognoni
49.8%
Giancarlo Antognoni
49.8%
Giancarlo Antognoni
49.8%
Andrea Carnevale
49%
Franco Tancredi
40.8%
Salvatore Bagni
39.2%
Salvatore Bagni
39.2%
Salvatore Bagni
39.2%
Salvatore Bagni
39.2%
Salvatore Bagni
39.2%
Ivano Bordon
34.2%
Ivano Bordon
34.2%
Giuseppe Dossena
30.8%
Giuseppe Dossena
30.8%
Giuseppe Dossena
30.8%
Antonio Di Gennaro
27.7%
Antonio Di Gennaro
27.7%
Giampiero Marini
23.8%
Bruno Giordano
20.9%
Giovanni Francini
10.6%

You're not logged in!

Compare scores with friends on all Sporcle quizzes.
Join for Free
OR
Log In

You Might Also Like...

Show Comments

Extras

Top Quizzes Today


Score Distribution

Your Account Isn't Verified!

In order to create a playlist on Sporcle, you need to verify the email address you used during registration. Go to your Sporcle Settings to finish the process.

Report this User

Report this user for behavior that violates our Community Guidelines.

Details: